Statistics for Specialized Measurements

Click here to take the quiz!

General Stats

  • This quiz has been taken 7 times
  • The average score is 3 of 15

Answer Stats

HintAnswer% Correct
4 inches; horse heighthand
86%
2 weeks; archaicfortnight
71%
1/16th-1/8th mile; urban distance measureblock
43%
128 cubic feet; firewoodcord
29%
1 inch by 1 foot by 1 foot; lumber measureboard foot
14%
10 nanoseconds; astrophysicsshake
14%
12,000BTU/h; air conditionington of refrigeration
14%
100 square feet; area to be painted or plasteredbrass
0%
40 cubic feet; lumber measurecubic ton
0%
250 million years; one revolution of galaxy around its coregalactic year
0%
25-30ml or 25-30 grams; approximates Imperial equivalentmetric ounce
0%
volume of water through one inch square hole in one minuteminer's inch
0%
20-30ml; unit of alcoholpony shot
0%
1.75 inches; audiovisual and computer equipment heightrack unit
0%
1 in 1 million; likelihood of an eventstruck by lightning
0%

Score Distribution

Percentile by Number Answered

Percent of People with Each Score

Your Score History

You have not taken this quiz